Challenging the Functional Connectivity Disruption in Neurodegenerative Diseases: New Therapeutic Perspectives through Non-Invasive Neuromodulation and Cutting-Edge Technologies (Record no. 23580)

MARC details
000 -LEADER
fixed length control field 00832nam a2200133Ia 4500
008 - FIXED-LENGTH DATA ELEMENTS--GENERAL INFORMATION
fixed length control field 220620s9999||||xx |||||||||||||| ||und||
022 ## - INTERNATIONAL STANDARD SERIAL NUMBER
International Standard Serial Number 16648714
100 ## - MAIN ENTRY--PERSONAL NAME
Personal name Takashi Hanakawa||Luca Berdondini||Lorenzo Natale||Giancarlo Zito||Lorenzo Masia
245 #0 - TITLE STATEMENT
Title Challenging the Functional Connectivity Disruption in Neurodegenerative Diseases: New Therapeutic Perspectives through Non-Invasive Neuromodulation and Cutting-Edge Technologies
546 ## - LANGUAGE NOTE
Language note English[eng]
650 ## - SUBJECT ADDED ENTRY--TOPICAL TERM
Topical term or geographic name entry element rehabilitation||functional connectivity||tDCS||non-invasive techniques||neurodegeneration||biorobotics||nanotechnology||translational research||neurophysiology||neurostimulation
856 ## - ELECTRONIC LOCATION AND ACCESS
Uniform Resource Identifier <a href="https://www.frontiersin.org/research-topics/5104/challenging-the-functional-connectivity-disruption-in-neurodegenerative-diseases-new-therapeutic-per">https://www.frontiersin.org/research-topics/5104/challenging-the-functional-connectivity-disruption-in-neurodegenerative-diseases-new-therapeutic-per</a>
942 ## - ADDED ENTRY ELEMENTS (KOHA)
Koha item type E-Books
Holdings
Withdrawn status Lost status Damaged status Not for loan Home library Current library Date acquired Total Checkouts Date last seen Price effective from Koha item type
        Kerala University of Digital Sciences, Innovation and Technology Knowledge Centre Kerala University of Digital Sciences, Innovation and Technology Knowledge Centre 20/06/2022   20/06/2022 20/06/2022 E-Books